Cẩm nang tự trang trí nhà đẹp

Sách giới thiệu và hướng dẫn một số phương cách trang trí nội thất theo nhiều chủ đề như: sơn quét vôi, dán giấy tường, lát gạch, phủ ván, bối trí đồ gỗ...

Salvato in:
Dettagli Bibliografici
Autore principale: John McGowan
Natura: Libro
Lingua:Undetermined
Pubblicazione: Tp. HCM Trẻ 1999
Soggetti:
Tags: Aggiungi Tag
Nessun Tag, puoi essere il primo ad aggiungerne! !
Thư viện lưu trữ: Trung tâm Học liệu Trường Đại học Cần Thơ
LEADER 00779nam a2200181Ia 4500
001 CTU_37599
008 210402s9999 xx 000 0 und d
082 |a 747 
082 |b Đ146 
100 |a John McGowan 
245 0 |a Cẩm nang tự trang trí nhà đẹp 
245 0 |c John McGowan, Roger Dubern; Dịch giả: Đức Liên, Bích Như 
260 |a Tp. HCM 
260 |b Trẻ 
260 |c 1999 
520 |a Sách giới thiệu và hướng dẫn một số phương cách trang trí nội thất theo nhiều chủ đề như: sơn quét vôi, dán giấy tường, lát gạch, phủ ván, bối trí đồ gỗ... 
650 |a interior decoration 
980 |a Trung tâm Học liệu Trường Đại học Cần Thơ